000 00723nam a2200217 i 4500
001 49484
003 ES-MaACL
005 20231221195515.0
007 t|
008 030716s1915 sp ||||1| spa d
100 1 _aCossío, Manuel B.,
_d1857-1935
_941019
245 1 3 _aLa enseñanza primaria en España /
_cpor Manuel B. Cossío.
250 _a2ª ed. renovada
_bpor Lorenzo Luzuriaga.
260 _aMadrid :
_bMuseo Pedagógico Nacional,
_c1915.
300 _a214 p., 9 cuadros ;
_c23 cm.
650 4 _aEnseñanza primaria-
_zEspaña.
_912305
700 1 _aLuzuriaga, Lorenzo,
_d1889-1959
_974917
710 2 _aMuseo Pedagógico Nacional (España)
_95912
852 _aES-MaACL
_jT-1469-F-1
999 _c49484
_d49484